000 01407nam a2200373 c 4500
999 _c159422
_d159422
003 BLK
005 20250715125411.0
008 180410b bul|||||r ||||||| ||bul||
010 _aKNG00166541000
040 _aBLK
041 _aBUL
_cBUL
072 7 _2bullib
_aК
_xКраезнание
080 _aНемска литература
_b821.112.2
_x-2
_z821.112.2-2
100 _aКанети, Елиас
_d1905 - 1994
_gАвстрийски писател - нобелист, роден в Русе
_eпърви автор
_9367554
139 _aКанети, Елиас
_bК 25
245 1 0 _aСватба
_bДрама
_cЕлиас Канети; прев. от нем. Венцеслав Константинов.
257 _aBGR
260 _bНар. култура
_c1980
300 _a124 с.
_c20 см
380 _aX
490 _aБиблиотека Театър
_v56
_9204428
500 _aОриг. загл. Hochzeit. 1 325 тир.
659 _aК
700 1 _aКонстантинов, Венцеслав
_eпрев. от нем.
_9367608
852 _aЦб 105614
852 _aК 821/К 25 Е
856 4 _qpdf
_i0.00
_ldisable
856 4 _qpdf
_i0.00
_ldisable
942 _cKNG
_n0
_s1
_01
944 _aCR
_c30.10.2014
_lВаля Йорданова
_k30558
944 _aED
_c30.10.2014
_l30.10.2014 - от С1,Р / 30.10.2014
999 _d159422
999 _d159422